000 00869cam a22002291 4500
001 ne 64001687
003 DLC
005 20260227111802.0
008 840118s1962 ua 000 0 arar
010 _ane 64001687
035 _a(OCoLC)10313294
040 _aDLC
_cTxU
_dTxU
_dDLC
042 _apremarc
050 0 0 _aLAW <Islam 7 Qāḍī 1962>
245 1 3 _aal-Raʼy bayna al-sharīʻah wa-al-qānūn,
_cmuḥāḍarat Mukhtār al-Qāḍī lil-mawsim al-rābiʻ lil-muḥāḍarāt al-ʻāmmah, 1381/1962.
260 _a[al-Qāhirah]
_bMaṭbaʻat al-Azhar,
_c[1962]
300 _a25 p.
_c24 cm.
490 1 _aMaṭbūʻāt al-Idārah al-ʻĀmmah lil-Thaqāfah al-Islāmīyah bi-al-Azhar
500 _aCover title.
650 0 _aIslamic law.
810 1 _aCairo (Egypt).
_bal-Jāmiʻ al-Azhar. al-Idārah al-ʻAmmah lil-Thaqāfah al-Islāmīyah.
_tMaṭbūʻāt.
999 _c47202
_d47202